| 000 | 00760nam a22002057a 4500 | ||
|---|---|---|---|
| 999 |
_c13635 _d13635 |
||
| 003 | AR-CdUCM | ||
| 008 | 190416b ||||| |||| 00| 0 spa d | ||
| 040 |
_aMUNICIPALIDAD PROVINCIAL DEL CUSCO _cBIBLIOTECA MUNICIPAL DEL CUSCO |
||
| 082 |
_aC / 985.61 / _bY49 / 1974 |
||
| 100 |
_aYépez Miranda, Alfredo _94230 |
||
| 245 |
_aCusco : _bbandera de un mundo / |
||
| 260 |
_aCusco : _bCultura andina, _c1974. |
||
| 300 |
_a31 páginas ; _c21 cm. |
||
| 500 | _aEnsayo sobre la ciudad de Cusco dedicado al Colegio Nacional de Ciencias en su sesquicentenario de su fundación 8 de julio de 1975. | ||
| 650 |
_aEnsayo _9274 |
||
| 650 |
_aLiteratura cusqueña _946881 |
||
| 650 |
_aNarradores cusqueños _931142 |
||
| 942 |
_2ddc _cLIBROS |
||
| 945 |
_arah _d16/04/2019 |
||